Hospital Pharmacy / (Record no. 36316)

MARC details
000 -LEADER
fixed length control field 00453nam a22001697a 4500
005 - DATE AND TIME OF LATEST TRANSACTION
control field 20240809090403.0
008 - FIXED-LENGTH DATA ELEMENTS--GENERAL INFORMATION
fixed length control field 240807b |||||||| |||| 00| 0 eng d
082 ## - DEWEY DECIMAL CLASSIFICATION NUMBER
Classification number 612
Item number HAS-H
100 ## - MAIN ENTRY--AUTHOR
Author Name Hassan W.E.
245 ## - TITLE STATEMENT
Title Hospital Pharmacy /
Statement of responsibility, etc. Hassan W.E.
250 ## - EDITION STATEMENT
Edition statement 6th ed.
260 ## - PUBLICATION, DISTRIBUTION, ETC.
Place of Publication Pakistan :
Name of publisher, distributor, etc. kings book:
Date of publication, distribution, etc. 1999
300 ## - PHYSICAL DESCRIPTION
Pages xviii,686p.
500 ## - GENERAL NOTE
General note include index .
650 ## - SUBJECT ADDED ENTRY--TOPICAL TERM
Subject / Department Pharmacy / Hospital pharmacy
300 ## - PHYSICAL DESCRIPTION
-- ill;
-- 23 cm.
952 ## - LOCATION AND ITEM INFORMATION (KOHA)
-- 0
-- 0
952 ## - LOCATION AND ITEM INFORMATION (KOHA)
-- 0
-- 0
952 ## - LOCATION AND ITEM INFORMATION (KOHA)
-- 0
-- 0
952 ## - LOCATION AND ITEM INFORMATION (KOHA)
-- 0
-- 0
952 ## - LOCATION AND ITEM INFORMATION (KOHA)
-- 0
-- 0
952 ## - LOCATION AND ITEM INFORMATION (KOHA)
-- 0
-- 0
952 ## - LOCATION AND ITEM INFORMATION (KOHA)
-- 0
-- 0
952 ## - LOCATION AND ITEM INFORMATION (KOHA)
-- 0
-- 0
952 ## - LOCATION AND ITEM INFORMATION (KOHA)
-- 0
-- 0
952 ## - LOCATION AND ITEM INFORMATION (KOHA)
-- 0
-- 0
952 ## - LOCATION AND ITEM INFORMATION (KOHA)
-- 0
-- 0
952 ## - LOCATION AND ITEM INFORMATION (KOHA)
-- 0
-- 0
952 ## - LOCATION AND ITEM INFORMATION (KOHA)
-- 0
-- 0
952 ## - LOCATION AND ITEM INFORMATION (KOHA)
-- 0
-- 0
952 ## - LOCATION AND ITEM INFORMATION (KOHA)
-- 0
-- 0
952 ## - LOCATION AND ITEM INFORMATION (KOHA)
-- 0
-- 0
952 ## - LOCATION AND ITEM INFORMATION (KOHA)
-- 0
-- 0
952 ## - LOCATION AND ITEM INFORMATION (KOHA)
-- 0
-- 0
952 ## - LOCATION AND ITEM INFORMATION (KOHA)
-- 0
-- 0
952 ## - LOCATION AND ITEM INFORMATION (KOHA)
-- 0
-- 0
952 ## - LOCATION AND ITEM INFORMATION (KOHA)
-- 0
-- 0
952 ## - LOCATION AND ITEM INFORMATION (KOHA)
-- 0
-- 0
952 ## - LOCATION AND ITEM INFORMATION (KOHA)
-- 0
-- 0
952 ## - LOCATION AND ITEM INFORMATION (KOHA)
-- 0
-- 0
952 ## - LOCATION AND ITEM INFORMATION (KOHA)
-- 0
-- 0
952 ## - LOCATION AND ITEM INFORMATION (KOHA)
-- 0
-- 0
952 ## - LOCATION AND ITEM INFORMATION (KOHA)
-- 0
-- 0
Holdings
Lost status Damaged status Collection code Permanent Location Current Location Shelving Location Date acquired Full Call Number Accession No./Barcode Date last seen Copy number item type Koha item type
    Pharmacy Superior Information Resource Center (SIRC) Superior University- Main Campus Superior Information Resource Center (SIRC) Superior University- Main Campus Hospital Pharmacy 08/07/2024 612 HAS-H 1999 4054 08/07/2024 1 BOOK BOOK
    Pharmacy Superior Information Resource Center (SIRC) Superior University- Main Campus Superior Information Resource Center (SIRC) Superior University- Main Campus Hospital Pharmacy 08/07/2024 612 HAS-H 1999 4055 08/07/2024 2 BOOK BOOK
    Pharmacy Superior Information Resource Center (SIRC) Superior University- Main Campus Superior Information Resource Center (SIRC) Superior University- Main Campus Hospital Pharmacy 08/07/2024 612 HAS-H 1999 4056 08/07/2024 3 BOOK BOOK
    Pharmacy Superior Information Resource Center (SIRC) Superior University- Main Campus Superior Information Resource Center (SIRC) Superior University- Main Campus Hospital Pharmacy 08/07/2024 612 HAS-H 1999 4057 08/07/2024 4 BOOK BOOK
    Pharmacy Superior Information Resource Center (SIRC) Superior University- Main Campus Superior Information Resource Center (SIRC) Superior University- Main Campus Hospital Pharmacy 08/07/2024 612 HAS-H 1999 4058 08/07/2024 5 BOOK BOOK
    Pharmacy Superior Information Resource Center (SIRC) Superior University- Main Campus Superior Information Resource Center (SIRC) Superior University- Main Campus Hospital Pharmacy 08/07/2024 612 HAS-H 1999 4059 08/07/2024 6 BOOK BOOK
    Pharmacy Superior Information Resource Center (SIRC) Superior University- Main Campus Superior Information Resource Center (SIRC) Superior University- Main Campus Hospital Pharmacy 08/07/2024 612 HAS-H 1999 4060 08/07/2024 7 BOOK BOOK
    Pharmacy Superior Information Resource Center (SIRC) Superior University- Main Campus Superior Information Resource Center (SIRC) Superior University- Main Campus Hospital Pharmacy 08/07/2024 612 HAS-H 1999 4061 08/07/2024 8 BOOK BOOK
    Pharmacy Superior Information Resource Center (SIRC) Superior University- Main Campus Superior Information Resource Center (SIRC) Superior University- Main Campus Hospital Pharmacy 08/07/2024 612 HAS-H 1999 4062 08/07/2024 9 BOOK BOOK
    Pharmacy Superior Information Resource Center (SIRC) Superior University- Main Campus Superior Information Resource Center (SIRC) Superior University- Main Campus Hospital Pharmacy 08/07/2024 612 HAS-H 1999 4063 08/29/2025 10 BOOK BOOK
    Pharmacy Superior Information Resource Center (SIRC) Superior University- Main Campus Superior Information Resource Center (SIRC) Superior University- Main Campus Hospital Pharmacy 08/07/2024 612 HAS-H 1999 4064 08/07/2024 11 BOOK BOOK
    Pharmacy Superior Information Resource Center (SIRC) Superior University- Main Campus Superior Information Resource Center (SIRC) Superior University- Main Campus Hospital Pharmacy 08/07/2024 612 HAS-H 1999 4065 08/07/2024 12 BOOK BOOK
    Pharmacy Superior Information Resource Center (SIRC) Superior University- Main Campus Superior Information Resource Center (SIRC) Superior University- Main Campus Hospital Pharmacy 08/07/2024 612 HAS-H 1999 11152 08/07/2024 13 BOOK BOOK
    Pharmacy Superior Information Resource Center (SIRC) Superior University- Main Campus Superior Information Resource Center (SIRC) Superior University- Main Campus Hospital Pharmacy 08/07/2024 612 HAS-H 1999 11153 08/26/2025 14 BOOK BOOK
    Pharmacy Superior Information Resource Center (SIRC) Superior University- Main Campus Superior Information Resource Center (SIRC) Superior University- Main Campus Hospital Pharmacy 08/07/2024 612 HAS-H 1999 11154 08/07/2024 15 BOOK BOOK
    Pharmacy Superior Information Resource Center (SIRC) Superior University- Main Campus Superior Information Resource Center (SIRC) Superior University- Main Campus Hospital Pharmacy 08/07/2024 612 HAS-H 1999 11155 11/12/2025 16 BOOK BOOK
    Pharmacy Superior Information Resource Center (SIRC) Superior University- Main Campus Superior Information Resource Center (SIRC) Superior University- Main Campus Hospital Pharmacy 08/07/2024 612 HAS-H 1999 11156 08/07/2024 17 BOOK BOOK
    Pharmacy Superior Information Resource Center (SIRC) Superior University- Main Campus Superior Information Resource Center (SIRC) Superior University- Main Campus Hospital Pharmacy 08/07/2024 612 HAS-H 1999 11157 08/07/2024 18 BOOK BOOK
    Pharmacy Superior Information Resource Center (SIRC) Superior University- Main Campus Superior Information Resource Center (SIRC) Superior University- Main Campus Hospital Pharmacy 08/07/2024 612 HAS-H 1999 11158 08/07/2024 19 BOOK BOOK
    Pharmacy Superior Information Resource Center (SIRC) Superior University- Main Campus Superior Information Resource Center (SIRC) Superior University- Main Campus Hospital Pharmacy 08/07/2024 612 HAS-H 1999 11159 08/29/2025 20 BOOK BOOK
    Pharmacy Superior Information Resource Center (SIRC) Superior University- Main Campus Superior Information Resource Center (SIRC) Superior University- Main Campus Hospital Pharmacy 08/07/2024 612 HAS-H 1999 11161 08/26/2025 21 BOOK BOOK
    Pharmacy Superior Information Resource Center (SIRC) Superior University- Main Campus Superior Information Resource Center (SIRC) Superior University- Main Campus Hospital Pharmacy 08/07/2024 612 HAS-H 1999 15889 08/07/2024 22 BOOK BOOK
    Pharmacy Superior Information Resource Center (SIRC) Superior University- Main Campus Superior Information Resource Center (SIRC) Superior University- Main Campus Hospital Pharmacy 08/09/2024 612 HAS-H 1999 13249 09/25/2025 23 BOOK BOOK
    Pharmacy Superior Information Resource Center (SIRC) Superior University- Main Campus Superior Information Resource Center (SIRC) Superior University- Main Campus Hospital Pharmacy 08/09/2024 612 HAS-H 1999 13250 08/09/2024 24 BOOK BOOK
    Pharmacy Superior Information Resource Center (SIRC) Superior University- Main Campus Superior Information Resource Center (SIRC) Superior University- Main Campus Hospital Pharmacy 08/09/2024 612 HAS-H 1999 13251 08/09/2024 25 BOOK BOOK
    Pharmacy Superior Information Resource Center (SIRC) Superior University- Main Campus Superior Information Resource Center (SIRC) Superior University- Main Campus Hospital Pharmacy 08/12/2024 612 HAS-H 1999 15890 08/12/2024 26 BOOK BOOK
    Pharmacy Superior Information Resource Center (SIRC) Superior University- Main Campus Superior Information Resource Center (SIRC) Superior University- Main Campus Hospital Pharmacy 08/12/2024 612 HAS-H 1999 15891 08/12/2024 27 BOOK BOOK

Powered by Koha